| 000 -LEADER |
| fixed length control field |
02580nam a22003137 4500 |
| 001 - CONTROL NUMBER |
| control field |
RU\PGU\104288 |
| 005 - DATE AND TIME OF LATEST TRANSACTION |
| control field |
20190421020049.0 |
| 008 - FIXED-LENGTH DATA ELEMENTS--GENERAL INFORMATION |
| fixed length control field |
190420s2003 ru ||||| |||| 00| 0 rus d |
| 020 ## - INTERNATIONAL STANDARD BOOK NUMBER |
| International Standard Book Number |
5710756121 |
| Terms of availability |
:100-00 |
| 040 ## - CATALOGING SOURCE |
| Original cataloging agency |
190137X |
| 041 ## - LANGUAGE CODE |
| Language code of text/sound track or separate title |
rus |
| 080 ## - UNIVERSAL DECIMAL CLASSIFICATION NUMBER |
| Universal Decimal Classification number |
4(075.3) B-65 |
| 090 ## - LOCALLY ASSIGNED LC-TYPE CALL NUMBER (OCLC); LOCAL CALL NUMBER (RLIN) |
| Classification number (OCLC) (R) ; Classification number, CALL (RLIN) (NR) |
1868449 |
| 091 ## - MICROFILM SHELF LOCATION (AM) [OBSOLETE] |
| Microfilm shelf location |
Ш141.6-923.1 |
| 100 ## - MAIN ENTRY--PERSONAL NAME |
| Personal name |
Войлова, Клавдия Анатольевна |
| 9 (RLIN) |
281 |
| 245 ## - TITLE STATEMENT |
| Title |
Старославянский язык : |
| Remainder of title |
Учебное пособие для студ.вузов, обуч.по направл.540300-Филол.образование / |
| Statement of responsibility, etc. |
К. А. Войлова. |
| 260 ## - PUBLICATION, DISTRIBUTION, ETC. |
| Place of publication, distribution, etc. |
М. : |
| Name of publisher, distributor, etc. |
Дрофа, |
| Date of publication, distribution, etc. |
2003. |
| 300 ## - PHYSICAL DESCRIPTION |
| Extent |
366,[1]с. |
| 440 ## - SERIES STATEMENT/ADDED ENTRY--TITLE |
| Title |
Высшее образование |
| 9 (RLIN) |
282 |
| 500 ## - GENERAL NOTE |
| General note |
Допущено Министерством образования Российской Федерации |
| 504 ## - BIBLIOGRAPHY, ETC. NOTE |
| Bibliography, etc. note |
Библиогр.:с.361 |
| 520 ## - SUMMARY, ETC. |
| Summary, etc. |
Отличительная особенность настоящего издания заключается в том, что изучение теории старославянского языка предстает в его системной организации. Впервые в одной книге предлагаются не только теоретические разделы курса («Введение», «Графика», «Фонетика», «Морфология», «Синтаксис»), но включены тренировочные упражнения и контрольные задания, представлены тексты - памятники старославянской письменности, а также словарь наиболее употребительной лексики старославянского языка с толкованием ее значения. |
| 521 ## - TARGET AUDIENCE NOTE |
| Target audience note |
Предлагаемое пособие предназначено студентам филологических факультетов педагогических вузов и университетов. Оно может быть использовано учащимися колледжей, лицеев, изучающими историю русского литературного языка и других славянских языков. |
| 653 ## - INDEX TERM--UNCONTROLLED |
| keyword |
Старославянский язык |
| -- |
Учебные пособия для вузов |
| 653 ## - INDEX TERM--UNCONTROLLED |
| keyword |
ძველი სლავური ენა |
| 942 ## - ADDED ENTRY ELEMENTS (KOHA) |
| Source of classification or shelving scheme |
|
| Koha item type |
წიგნი |